| Tag |
First Indicator |
Second Indicator |
Subfields |
| LEADER |
00000pam a2200000 4500 |
| 001 |
in00000099951 |
| 005 |
20150926125640.0 |
| 008 |
740114s1974 enka b 00110 eng |
| 010 |
|
|
|a 73015141
|
| 015 |
|
|
|a GB***
|
| 020 |
|
|
|a 0470948507 (Halsted Press)
|
| 035 |
|
|
|a (OCoLC)00800569
|
| 035 |
|
|
|9 AAL4114AM
|
| 040 |
|
|
|a DLC
|c DLC
|d TXA
|d UtOrBLW
|
| 049 |
|
|
|a TXAM
|c [1234357]
|
| 050 |
0 |
0 |
|a TP359.L5
|b W54 1974b
|
| 082 |
0 |
|
|a 665/.773
|
| 100 |
1 |
|
|a Williams, Alan,
|d 1935 June 26-
|
| 245 |
1 |
0 |
|a Liquefied petroleum gases ;
|b a guide to properties, applications and usage of propane and butane /
|c [by] Alan Fowler Williams [and] Walter Lowenstein Lom.
|
| 264 |
|
1 |
|a Chichester [England] :
|b Ellis Horwood;
|a New York :
|b Halsted Press,
|c [1974]
|
| 300 |
|
|
|a xv, 403 pages :
|b illustrations ;
|c 24 cm.
|
| 336 |
|
|
|a text
|b txt
|2 rdacontent
|
| 337 |
|
|
|a unmediated
|b n
|2 rdamedia
|
| 338 |
|
|
|a volume
|b nc
|2 rdacarrier
|
| 504 |
|
|
|a Includes bibliographies.
|
| 650 |
|
0 |
|a Liquefied petroleum gas.
|
| 700 |
1 |
|
|a Lom, Walter Lowenstein.
|
| 999 |
|
|
|a MARS
|
| 999 |
f |
f |
|s 44d97a39-536b-3e6d-9960-4a4dc2a29ba7
|i df1a99de-b637-3629-887a-0989763f9503
|t 0
|
| 952 |
f |
f |
|p ric
|a Texas A&M University
|b Rellis Campus
|c Joint Library Facility
|d Remote Storage
|t 0
|e TP359.L5 W54 1974b
|h Library of Congress classification
|i unmediated -- volume
|m A14822124330
|
| 998 |
f |
f |
|a TP359.L5 W54 1974b
|t 0
|l Remote Storage
|